000 00445nam a2200181 i 4500
001 bg
100 1 _aERNDT, Aleksander
245 0 _aPodstawy chemii ogólnej i nieorganicznej /
_cA. Erndt.
260 _aWarszawa,
_c1986.
650 9 _aChemia
650 9 _aChemia nieorganiczna
655 _aPodręczniki akademickie
040 _cBPK
041 _apol
080 _a54(075.8)
942 _cKS
008 s pl f |000 0 pol
999 _c2659
_d2659
856 _uhttp://koha.tu.koszalin.pl/cgi-bin/koha/opac-detail.pl?biblionumber=2659
_yKatalog online BPK